Cardiovascular magnetic resonance / (Record no. 13818)
[ view plain ]
| 000 -LEADER | |
|---|---|
| fixed length control field | 01558cam a22004094a 4500 |
| 001 - CONTROL NUMBER | |
| control field | 16068492 |
| 003 - CONTROL NUMBER IDENTIFIER | |
| control field | OSt |
| 005 - DATE AND TIME OF LATEST TRANSACTION | |
| control field | 20140310182502.0 |
| 008 - FIXED-LENGTH DATA ELEMENTS--GENERAL INFORMATION | |
| fixed length control field | 100122s2010 paua b 001 0 eng |
| 010 ## - LIBRARY OF CONGRESS CONTROL NUMBER | |
| LC control number | 2010003032 |
| 016 7# - NATIONAL BIBLIOGRAPHIC AGENCY CONTROL NUMBER | |
| Record control number | 101523333 |
| Source | DNLM |
| 020 ## - INTERNATIONAL STANDARD BOOK NUMBER | |
| International Standard Book Number | 9780443066863 |
| 020 ## - INTERNATIONAL STANDARD BOOK NUMBER | |
| International Standard Book Number | 0443066868 |
| 035 ## - SYSTEM CONTROL NUMBER | |
| System control number | (OCoLC)ocn502393354 |
| 040 ## - CATALOGING SOURCE | |
| Original cataloging agency | DNLM/DLC |
| Transcribing agency | DLC |
| Modifying agency | YDX |
| -- | BTCTA |
| -- | NLM |
| -- | YDXCP |
| -- | DLC |
| 042 ## - AUTHENTICATION CODE | |
| Authentication code | pcc |
| 050 00 - LIBRARY OF CONGRESS CALL NUMBER | |
| Classification number | RC 683.5.M35 |
| Item number | .M364 2010 |
| 100 ## - MAIN ENTRY--PERSONAL NAME | |
| Personal name | Warren J. Manning |
| 9 (RLIN) | 8540 |
| 245 00 - TITLE STATEMENT | |
| Title | Cardiovascular magnetic resonance / |
| Statement of responsibility, etc | [edited by] Warren J. Manning, Dudley J. Pennell. |
| 250 ## - EDITION STATEMENT | |
| Edition statement | 2nd ed. |
| 260 ## - PUBLICATION, DISTRIBUTION, ETC. (IMPRINT) | |
| Place of publication, distribution, etc | Philadelphia, PA : |
| Name of publisher, distributor, etc | Saunders/Elsevier, |
| Date of publication, distribution, etc | c2010. |
| 300 ## - PHYSICAL DESCRIPTION | |
| Extent | 643 p. : |
| Other physical details | ill. (some col.) ; |
| Dimensions | 29 cm. |
| 500 ## - GENERAL NOTE | |
| General note | Rev. ed. of: Cardiovascular magnetic resonance / Warren J. Manning, Dudley J. Pennell. 1st ed. 2002. |
| 504 ## - BIBLIOGRAPHY, ETC. NOTE | |
| Bibliography, etc | Includes bibliographical references and index. |
| 521 ## - TARGET AUDIENCE NOTE | |
| Target audience note | |
| 650 #0 - SUBJECT ADDED ENTRY--TOPICAL TERM | |
| Topical term or geographic name as entry element | Heart |
| General subdivision | Magnetic resonance imaging. |
| 9 (RLIN) | 8703 |
| 650 12 - SUBJECT ADDED ENTRY--TOPICAL TERM | |
| Topical term or geographic name as entry element | Cardiovascular Diseases |
| General subdivision | diagnosis. |
| 9 (RLIN) | 8704 |
| 650 12 - SUBJECT ADDED ENTRY--TOPICAL TERM | |
| Topical term or geographic name as entry element | Magnetic Resonance Imaging |
| General subdivision | methods. |
| 9 (RLIN) | 8705 |
| 650 22 - SUBJECT ADDED ENTRY--TOPICAL TERM | |
| Topical term or geographic name as entry element | Diagnostic Techniques, Cardiovascular. |
| 9 (RLIN) | 8706 |
| 700 1# - ADDED ENTRY--PERSONAL NAME | |
| Personal name | Manning, Warren J. |
| 9 (RLIN) | 8544 |
| 700 1# - ADDED ENTRY--PERSONAL NAME | |
| Personal name | Pennell, Dudley J., |
| Dates associated with a name | 1958- |
| 9 (RLIN) | 8707 |
| 700 1# - ADDED ENTRY--PERSONAL NAME | |
| Personal name | Manning, Warren J. |
| Title of a work | Cardiovascular magnetic resonance. |
| 9 (RLIN) | 8708 |
| 906 ## - LOCAL DATA ELEMENT F, LDF (RLIN) | |
| a | 7 |
| b | cbc |
| c | orignew |
| d | 1 |
| e | ecip |
| f | 20 |
| g | y-gencatlg |
| 942 ## - ADDED ENTRY ELEMENTS (KOHA) | |
| Source of classification or shelving scheme | Library of Congress Classification |
| Koha item type | |
| Withdrawn status | Lost status | Source of classification or shelving scheme | Damaged status | Home library | Current library | Shelving location | Date acquired | Total Checkouts | Full call number | Barcode | Date last seen | Copy number | Price effective from | Koha item type |
|---|---|---|---|---|---|---|---|---|---|---|---|---|---|---|
| Library of Congress Classification | South SEED-LPDH College Library | South SEED-LPDH College Library | South SEED-LPDH College Section | 08/07/2013 | RC 683.5.M35 .M364 2010 | SSLC0134 | 05/15/2018 | 1 | 08/07/2013 | Books |